[FR] Champions de League of Legends - Statistiques

Statistiques générales
  • Ce quiz a été pris 3 071 fois
  • Le résultat moyen est 78 sur 129
Statistiques - réponses
Hint Réponse % Correct
Renard à neuf queues Ahri
96%
Epée des Darkin Aatrox
92%
Momie mélancolique Amumu
90%
Archère de givre Ashe
90%
Le Minotaure Alistar
89%
Cryophénix Anivia
87%
Force de Démacia Garen
86%
Empereur des sables Azir
85%
Main de Noxus Darius
83%
Enfant des ténèbres Annie
78%
Shérif de Piltover Caitlyn
78%
Cogne de Piltover Vi
78%
Golem de vapeur Blitzcrank
77%
Reigne araignée Elise
77%
Moine aveugle Lee Sin
76%
Dame de lumière Lux
76%
Gâchette folle Jinx
75%
Fractureur du temps Ekko
72%
Filou des mers Fizz
72%
Fine lame Wuju Maitre Yi
72%
Eternel cauchemar Nocturne
72%
Maître des ombres Zed
72%
Dame aux ronces Zyra
72%
Etreinte du serpent Cassiopeia
71%
Mépris de la lune Diana
71%
Explorateur prodigue Ezreal
71%
Ange déchu Morgana
71%
Dompteur de Yéti Nunu
71%
Coeur de Frejlord Braum
70%
Chimiste fou Singed
70%
Canonnière Megling Tristana
70%
Gardien du temps Zilean
70%
Poing des ombres Akali
69%
Justicière Kayle
69%
Aquamancienne Nami
69%
Roi des singes Wukong
69%
Vengeur flamboyant Brand
68%
Inventeur réputé Heimerdinger
68%
Maître des cartes Twisted Fate
68%
Titan des profondeurs Nautilus
67%
Demi-dragon Shyvana
67%
Roi des trolls Trundle
67%
Expert des explosifs Ziggs
67%
Virtuose Jhin
66%
Disgracié Yasuo
66%
Sorcière féérique Lulu
65%
Bouffon des ténèbres Shaco
65%
Sorcière de glace Lissandra
64%
Demoiselle mécanique Orianna
64%
Virtuose de la harpe Sona
64%
Scoot du Bantam Teemo
64%
Sublime bretteuse Fiora
63%
Volonté des lames Irelia
63%
Berzeker Olaf
63%
Oeil du néant Vel'Koz
63%
Traque-Sang Warwick
63%
Glorieux exécuteur Draven
62%
Faiseuse de veuves Evelynn
62%
Chasseur de primes Miss Fortune
62%
Tatou Blindé Rammus
62%
Prêtresse du kraken Illaoi
61%
Avatar de l'air Janna
61%
Aube radieuse Leona
61%
Eclat du monolithe Malphite
61%
Roi barbare Tryndamere
61%
Hors-la-loi Graves
60%
Gardien des sables Nasus
60%
Lame sinistre Katarina
59%
Chasseresse bestiale Nidalee
58%
Colère de l'hiver Sejuani
58%
Exemple Démacien Jarvan IV
57%
Grondement de tonnerre Volibear
57%
Fossoyeur Yorick
57%
Veilleur lububre Galio
56%
Protecteur du futur Jayce
56%
Liche Karthus
56%
Purificateur Lucian
56%
Dévoreur de sble Renekton
56%
Gardien errant Bard
55%
Fléau des mers Gangplank
55%
Chevalier aux gemmes Taric
55%
Saigneur pourpre Vladimir
55%
Chasseur du néant Kassadin
54%
Faucheur du néant Kha'Zix
54%
Flèche de la vengeance Varus
54%
Fier traqueur Rengar
53%
Abomination mort-vivante Sion
53%
Seigneur des maléfices Veigar
53%
Terreur noire Cho'Gath
52%
Maître d'armes Jax
52%
Maître du métal Mordekaiser
52%
Traqueuse du néant Rek'Sai
52%
Artilleur téméraire Corki
51%
Lance de la vengeance Kalista
51%
Mage suprême Xerath
51%
Dément de Zaun Dr Mundo
50%
Maître tacticien Swain
50%
Chasseur nocturne Vayne
50%
Manipulatrice LeBlanc
49%
Prophète du néant Malzahar
49%
Tréant torturé Maokai
49%
Exilée brisée Riven
49%
Roi des rivières Tahm Kench
49%
Ombre de la guerre Hecarim
48%
Oeil du crépuscule Shen
48%
Garde aux chaines Thresh
48%
Semeur de peste Twitch
47%
Sénéchal de Démacia Xin Zhao
47%
Chaînon manquant Gnar
46%
Enfant des étoiles Soraka
46%
Lame des ténèbres Talon
46%
Fierté du bourreau Urgot
46%
Arme secrète Zac
46%
Sagesse incarnée Karma
45%
Artisan de la guerre Pantheon
45%
Menace mécanisée Rumble
45%
Gardien de cristal Skarner
45%
Vierge martiale Sivir
44%
Gardien des esprits Udyr
44%
Faucheur Fiddlesticks
43%
Chasseurs éternels Kindred
41%
Gueule des abysses Kog'Maw
41%
Ailes de Démacia Quinn
41%
Souveraine obscure Syndra
41%
Agitateur Gragas
40%
Coeur de la tempête Kennen
40%
Ambassadrice de fer Poppy
40%
Héraut des machines Victor
38%
Mage renégat Ryse
26%
Aucun quiz correspondant
Distribution des résultats
% des personnes avec chaque résultat
Percentile par nombre de réponses
Votre historique - résultats
Vous n’avez pas pris ce quiz